000 00313 a2200145 4500
001 170402
020 _a
040 _cMagnum
100 _aAshworth, Julie
240 1 0 _aHare wants another race
_lING
245 1 0 _aHare wants another race
362 0 _a1899
697 _aLITERATURA ESTRANGEIRA
942 _cBK
999 _c170402
_d170402